Les français en MLS (2020-2026) - Statistiques

Statistiques générales
  • Ce quiz a été pris 25 fois
  • Le résultat moyen est 2 sur 31
Statistiques - réponses
Nb de saisons Clubs Joueur % Correct
2 Los Angeles (2024-2025) Olivier Giroud
88%
3 Los Angeles (2024-2026) Hugo Lloris
63%
2 Inter Miami (2020-2021) Blaise Matuidi
54%
2 Inter Miami (2022-2023) Corentin Jean
13%
2 Minnesota (2021-2022) Adrien Hunou
4%
2 Chicago (2023-2024) Arnaud Souquet
4%
2 Columbus (2025-2026) Hugo Picard
4%
3 Seattle (2021-2023) Abdoulaye Cissoko
0%
4 Charlotte (2022-2025) Adilson Malanda
0%
1 Salt Lake (2023) Bertin Jacquesson
0%
3 Charlotte (2024-2026) Djibril Diani
0%
3 Columbus (2024-2026) Dylan Chambost
0%
2 NY Red Bulls (2020-2021), Cincinnati (2021) Florian Valot
0%
1 Orlando (2025) Joran Gerbet
0%
3 Cincinnati (2024-2026) Kenji Mboma
0%
5 LA Galaxy (2021-2022), Colorado (2023-2025) Kévin Cabral
0%
1 Vancouver (2020) Manuel Milinkovic
0%
1 Cincinnati (2020) Mathieu Deplagne
0%
2 Toronto (2024-2025) Nicksoen Gomis
0%
2 Colorado (2020-2021), Seattle (2021) Nicolas Benezet
0%
2 Kansas City (2021-2022) Nicolas Isimat-Mirin
0%
2 Minnesota (2025-2026) Owen Gene
0%
7 San Jose (2020-2026) Paul Marie
0%
1 Colorado (2023) Rémi Cabral
0%
4 Kansas City (2021-2024) Rémi Walter
0%
7 Montréal (2020-2023), Columbus (2023-2026) Rudy Camacho
0%
2 LA Galaxy (2021-2022) Samuel Grandsir
0%
3 LA Galaxy (2021-2023) Séga Coulibaly
0%
2 DC (2022), Austin (2023) Sofiane Djeffal
0%
5 Columbus (2021-2025) Steven Moreira
0%
4 Atlanta (2023-2026) Tristan Muyumba
0%
Aucun quiz correspondant
Distribution des résultats
% des personnes avec chaque résultat
Percentile par nombre de réponses
Votre historique - résultats
Vous n’avez pas pris ce quiz